00545nam a22001457a 4500003000400000005001700004008004100021040001400062100002600076245013100102260000900233300002900242500010100271504002700372OSt20171010095436.0120521t xxu||||| |||| 00| 0 eng d aMMSUcULS aDagdagan, Desiree T.  aEvaluation of bacterial strains isolated from cornick waste for the degradation of sweet sorghum bagassecDesiree T. Dagdagan  c2007 axiii, 41 leaves c28 cm. aThesis (BS Biology) -- Mariano Marcos State University-College of Arts and Sciences, Batac City  aBibliography: leaf 26